Impulzové obvody

Bibliographic Details
Main Author: Hruškovic, Miloslav, 1943- (Author)
Format: Book
Language:Slovak
PhysicalDescription:214 s. Sch., tab. 29 cm
Published: Bratislava Slovenská technická univerzita 1996
ISBN:8022708828
Edition:2. vyd.
Series:Edícia skrípt
Subjects:

MARC

LEADER 00000nam a2200000 a 4500
001 vtls001222096
003 SK-MaSNL
005 20260319123358.0
008 251113s1996 xo ap r yy slo
015 |a SNBA1997/0100008 
020 |a 8022708828  |c 31,00 Sk (300 výt.) 
035 |a SNK000167491 
035 |a urn:nbn:sk:snk-amtiwp 
035 |a urn:nbn:sk:snk-am00c5sh 
035 |a F2EBDE3D-46CB-4F86-9C37-D4B3473F6141 
040 |a SNK  |b slo  |c SNK  |e AACR2 
041 0 |a slo 
044 |a xo  |c SK 
080 |a 621.374(075.8)  |2 1981 
100 1 |a Hruškovic, Miloslav,  |d 1943-  |4 aut  |9 1635165 
245 1 |a Impulzové obvody  |c Miloslav Hruškovic 
250 |a 2. vyd. 
260 |a Bratislava  |b Slovenská technická univerzita  |c 1996 
300 |a 214 s.  |b Sch., tab.  |c 29 cm 
490 1 |a Edícia skrípt 
504 |a Bibliogr. s. 211 
650 0 7 |a obvody impulzové  |2 SNK  |9 728115 
655 7 |a Textbooks (higher)  |2 SNKPHeng  |9 276436 
655 7 |a učebnice vysokých škôl  |2 SNKPH  |9 70191 
810 2 |a Slovenská technická univerzita v Bratislave  |t Edícia skrípt  |9 180632 
919 |a 80-227-0882-8 
958 |a RM 
958 |a NB 
958 |a UV 
958 |a OND 
999 |c 1140611  |d 1142541 
952 |t P60, <09>, [BOOK], {629}  |a SNK  |b SNK  |y NEVYP  |7 0  |o snkB 1067  |i snk3603/961024  |0 0  |1 0  |4 0  |d 1996-10-22  |l 0  |r 2005-01-01 00:00:00  |w 2026-02-24 
952 |t P60, <03>, [BOOK], {603}  |a SNK  |b SNK  |y PREZ  |7 0  |p 17A0014243  |o snkSB 56014  |i snkKSP 8957/96  |0 0  |1 0  |4 0  |d 1996-10-22  |f 1  |l 0  |r 2025-04-02 00:00:00  |w 2026-02-24 
952 |t P60, <04>, [BOOK], {604}  |a SNK  |b SNK  |y VYP  |7 0  |p 17A0014242  |o snkSB 56014 D1  |i snkKSP 8958/96  |0 0  |1 0  |4 0  |d 1996-10-22  |l 0  |r 2005-01-01 00:00:00  |w 2026-02-24